Städte Spaniens - Sudden Death - Statistiken

Allgemein
  • Dieses Quiz wurde 1.635 mal gespielt
    647 seit der letzten Aktualisierung
  • Das Durchschnittsergebnis liegt bei 8 aus 15
Answers on the Grid
Answers color-coded by a green-red scale on the quiz's grid according to % correct below.
Sevilla
Gibraltar
La Paz
Tijuana
Valencia
Porto
Salamanca
Gijón
Dijon
Burgas
Saragossa
Madrid
Vigo
Port Of Spain
Albacete
Málaga
Pueblo
Guayaquil
Huelva
Coimbra
Badajoz
Santander
Badalona
Elche
Cancún
Campinas
Lleida
Concepción
Paraná
Bayonne
 
Antwortstatistiken
Antwort % Korrekt
Sevilla
82%
Valencia
81%
Madrid
80%
Málaga
78%
Saragossa
66%
Santander
58%
Elche
56%
Vigo
52%
Gijón
46%
Salamanca
41%
Albacete
38%
Huelva
38%
Badalona
26%
Lleida
21%
Badajoz
18%
Keine übereinstimmenden Quizze gefunden
Verteilung der Resultate
Anzahl Personen mit jedem Resultat
Perzentil nach korrekt beantworteten Fragen
Ihre Resultats-Entwicklung
Sie haben dieses Quiz seit der letzten Aktualisierung nicht gespielt